Points to note in preparing a licence to authorise hang gliding (Record no. 98821)

MARC details
000 -LEADER
fixed length control field 00661cam a2200205 4500
001 - CONTROL NUMBER
control field D11052
008 - FIXED-LENGTH DATA ELEMENTS--GENERAL INFORMATION
fixed length control field 090401t1980 xxu||||| |||| 00| 0 eng d
022 ## - INTERNATIONAL STANDARD SERIAL NUMBER
International Standard Serial Number 0305-4713
035 ## - SYSTEM CONTROL NUMBER
System control number (Sirsi) u97255
041 ## - LANGUAGE CODE
Language code of text/sound track or separate title eng
100 ## - MAIN ENTRY--PERSONAL NAME
Personal name Mackay, K.F.
245 ## - TITLE STATEMENT
Title Points to note in preparing a licence to authorise hang gliding
260 ## - PUBLICATION, DISTRIBUTION, ETC.
Date of publication, distribution, etc. 1980
350 ## - PRICE (NR) (BK AM CF MU VM SE) [OBSOLETE]
Price 0
490 ## - SERIES STATEMENT
Series statement Land Agency and Agriculture Practice Leaflet
Volume/sequential designation 11
520 ## - SUMMARY, ETC.
Summary, etc. In RICS Land Agency and Agriculture Division. Practice Leaflets no 11 1974/9
710 ## - ADDED ENTRY--CORPORATE NAME
Corporate name or jurisdiction name as entry element Royal Institution of Chartered Surveyors. Land Agency and Agriculture Division
9 (RLIN) 1449
942 ## - ADDED ENTRY ELEMENTS (KOHA)
Suppress in OPAC 0
Source of classification or shelving scheme Dewey Decimal Classification
948 ## - LOCAL PROCESSING INFORMATION (OCLC); SERIES PART DESIGNATOR (RLIN)
c (OCLC) 04/03/1997
Holdings
Withdrawn status Lost status Source of classification or shelving scheme Damaged status Not for loan Home library Current library Shelving location Date acquired Total Checkouts Full call number Barcode Date last seen Copy number Price effective from Koha item type
    Other/Generic Classification Scheme     Archives Archives RICS Boxes 06/04/2001   1974/9 97255-1001 06/08/2019 1 06/08/2019 Reference material